[Event "Gibraltar Masters 2019"]
[Site "Caleta ENG"]
[Date "2019.01.25"]
[Round "4.118"]
[White "Obiamiwe,P"]
[Black "Ramasindraibe,Girard"]
[Result "1/2-1/2"]
[WhiteElo "1903"]
[BlackElo "2129"]

1.Nf3 Nf6 2.c4 e6 3.Nc3 d5 4.d4 Be7 5.Bg5 O-O 6.e3 c6 7.Be2 Nbd7 8.O-O dxc4
9.Bxc4 b5 10.Bd3 a6 11.Qe2 c5 12.Rfd1 Qb6 13.a4 c4 14.Bb1 Bb7 15.Ne5 Rfd8
16.Nxd7 Rxd7 17.axb5 axb5 18.Rxa8+ Bxa8 19.Bxf6 Bxf6 20.Qh5 g6 21.Qxb5 Qxb5
22.Nxb5 e5 23.Ba2 exd4 24.Bxc4 d3 25.Rxd3 Rxd3 26.Bxd3 Bxb2 27.Bc4 Kf8 28.f3 Ke7
29.Kf2 Bc6 30.Nd4 Bd7 31.Ke2 Ba3 32.Kd3 Bd6 33.g3 h5 34.f4 Bc5 35.Nf3 Bf5+
36.e4 Bd7 37.Nd4 Bb6 38.Nf3 Be8 39.Nd4 Bd7 40.e5 Bh3 41.Ke3 Kf8  1/2-1/2

[Event "Gibraltar Masters 2019"]
[Site "Caleta ENG"]
[Date "2019.01.25"]
[Round "4.97"]
[White "Tate,A"]
[Black "Hosek,Ma"]
[Result "1-0"]
[WhiteElo "2335"]
[BlackElo "2153"]

1.Nf3 Nf6 2.g3 d5 3.Bg2 c5 4.O-O e6 5.c4 Be7 6.cxd5 exd5 7.d4 O-O 8.Nc3 Nc6
9.dxc5 Bxc5 10.Bg5 d4 11.Bxf6 Qxf6 12.Nd5 Qd6 13.Nd2 Bf5 14.Ne4 Bxe4 15.Bxe4 Ne7
16.Nf4 Qb6 17.Nd3 Bd6 18.Qa4 Rfe8 19.Qd7 Nc6 20.Bxc6 Qxc6 21.Qxc6 bxc6 22.Rfe1 Rab8
23.Kf1 c5 24.Rac1 g6 25.Rc4 Rb5 26.Ra4 Rc8 27.Rc1 Rb7 28.Rxd4 Rc6 29.Ra4 Kf8
30.b3 Ke7 31.e4 f6 32.Nb4 Rc8 33.Nd5+ Ke6 34.Ra6 Rd7 35.Ne3 Ke7 36.f4 Bb8
37.Nd5+  1-0

[Event "Gibraltar Masters 2019"]
[Site "Caleta ENG"]
[Date "2019.01.25"]
[Round "4.98"]
[White "De Seroux,C"]
[Black "Bellon Lopez,JuM"]
[Result "1/2-1/2"]
[WhiteElo "2145"]
[BlackElo "2332"]

1.e4 c5 2.Nc3 e6 3.Nge2 a6 4.g3 b5 5.Bg2 Bb7 6.a3 Nf6 7.O-O e5 8.d3 d6 9.f4 Be7
10.h3 b4 11.axb4 cxb4 12.Na4 Nbd7 13.g4 O-O 14.Ng3 exf4 15.Bxf4 Ne8 16.Nf5 Bg5
17.Qd2 Bxf4 18.Rxf4 a5 19.Qf2 Bc6 20.Nd4 Rc8 21.b3 Bxa4 22.Rxa4 g6 23.Ra1 Ng7
24.h4 Qb6 25.Bh3 Ne5 26.g5 Nh5 27.Ne6 Nxf4 28.Qxb6 Nxh3+ 29.Kh2 fxe6 30.Kxh3 Rf3+
31.Kg2 Rxc2+ 32.Kg1 Rf4 33.Rf1 Rg4+ 34.Kh1 Rxh4+ 35.Kg1 Rg4+ 36.Kh1 Rh4+
37.Kg1 Rg4+ 38.Kh1 Rh4+  1/2-1/2

[Event "Gibraltar Masters 2019"]
[Site "Caleta ENG"]
[Date "2019.01.25"]
[Round "4.99"]
[White "Povah,N"]
[Black "Osuna Vega,E"]
[Result "1-0"]
[WhiteElo "2329"]
[BlackElo "2116"]

1.d4 d6 2.Bf4 Nd7 3.Nf3 c5 4.e3 Ngf6 5.h3 g6 6.Nbd2 Bg7 7.c3 O-O 8.a4 a5
9.Be2 b6 10.O-O Bb7 11.Qc2 cxd4 12.exd4 Re8 13.Bb5 Nd5 14.Bh2 Nc7 15.Bc4 d5
16.Bd3 Ba6 17.Bxa6 Nxa6 18.Rfe1 Nab8 19.Qb3 e6 20.Qb5 Na6 21.Nf1 Qc8 22.Ne3 Qb7
23.Ng4 Red8 24.Bf4 Nc7 25.Qe2 Re8 26.Nfe5 Qc8 27.Nh6+ Bxh6 28.Bxh6 f6 29.Ng4 Qd8
30.Qf3 b5 31.b3 bxa4 32.bxa4 Rb8 33.Rab1 f5 34.Nh2 Rxb1 35.Rxb1 e5 36.dxe5 Nxe5
37.Qg3 Nf7 38.Be3 Ne6 39.Nf3 Qd7 40.Rb5 Qc6 41.Nd4 Nxd4 42.Bxd4 Qe6 43.Rxa5 Qe4
44.Qc7 f4 45.Qc6 Qe6  1-0

[Event "Gibraltar Masters 2019"]
[Site "Caleta ENG"]
[Date "2019.01.25"]
[Round "4.100"]
[White "Kandic,Mila"]
[Black "Goriatchkin,J"]
[Result "0-1"]
[WhiteElo "2136"]
[BlackElo "2325"]

1.e4 e6 2.d4 d5 3.Nc3 Nf6 4.Bg5 Bb4 5.e5 h6 6.Bc1 Ne4 7.Qg4 g6 8.Bd3 c5 9.Bxe4 dxe4
10.Qxe4 Qxd4 11.Qe3 Nc6 12.Nf3 Qxe3+ 13.Bxe3 Bxc3+ 14.bxc3 b6 15.O-O Bb7
16.Rfd1 Na5 17.Nd2 Bd5 18.h4 Rd8 19.a3 Kf8 20.Nb3 Nc4 21.Bf4 Kg7 22.a4 Be4
23.Rdc1 a5 24.f3 Bc6 25.Rcb1 Rd5 26.Kf2 Rhd8 27.Ke2 g5 28.hxg5 hxg5 29.Bg3 Nxe5
30.Bxe5+ Rxe5+ 31.Kf2 Rf5 32.Kg3 Rf4 33.Nc1 Rxa4 34.Rxa4 Bxa4 35.Rxb6 Bxc2
36.Rb5 Rd1 37.Rxc5 Rxc1 38.Rxg5+ Bg6 39.Rxa5 Rxc3  0-1

[Event "Gibraltar Masters 2019"]
[Site "Caleta ENG"]
[Date "2019.01.25"]
[Round "4.101"]
[White "Gutierrez Olivares,D"]
[Black "Bianco,V"]
[Result "1-0"]
[WhiteElo "2320"]
[BlackElo "2018"]

1.c4 e6 2.Nf3 d5 3.e3 Nf6 4.b3 b6 5.Bb2 Bb7 6.Nc3 Nbd7 7.Rc1 a6 8.Be2 Bd6
9.cxd5 exd5 10.Nd4 c5 11.Nf5 Bf8 12.d4 g6 13.Ng3 Be7 14.Bf3 O-O 15.O-O Rc8
16.Rc2 c4 17.bxc4 Rxc4 18.Be2 Rc7 19.a4 Bb4 20.Bd3 Qe7 21.Qe2 Rfc8 22.Rfc1 Ba3
23.Nd1 Rxc2 24.Rxc2 Rxc2 25.Qxc2 Qb4 26.Bc3 Qd6 27.Qe2 a5 28.f3 Bb4 29.Bb2 Qc6
30.e4 dxe4 31.fxe4 Qxa4 32.Bb5 Qb3 33.e5 Nd5 34.Bc4 Qa4 35.Qf3 Qc2 36.Bb3 Qc6
37.Ne3 Ne7 38.Bxf7+ Kh8 39.e6  1-0

[Event "Gibraltar Masters 2019"]
[Site "Caleta ENG"]
[Date "2019.01.25"]
[Round "4.120"]
[White "Francois-Haugrin,Said"]
[Black "Waddington,M"]
[Result "0-1"]
[WhiteElo "1825"]
[BlackElo "2094"]

1.e4 e5 2.Nf3 f5 3.d4 fxe4 4.Nxe5 Nf6 5.Be2 d6 6.Ng4 Be7 7.O-O O-O 8.c4 Nc6
9.Nxf6+ Bxf6 10.Be3 Bf5 11.Nc3 Qd7 12.f4 exf3 13.Bxf3 Rae8 14.Bf2 Kh8 15.Nd5 Bg5
16.b4 Nd8 17.h4 Bf6 18.Nxf6 Rxf6 19.Qd2 Be4 20.Bh5 Ref8 21.Qe3 d5 22.Be2 Re8
23.Qc3 Bxg2 24.Bh5 Bxf1 25.Bxe8 Qxe8 26.Kxf1 Qf7 27.Qe3 dxc4 28.Rd1 c6 29.d5 cxd5
30.Qxa7 Ne6 31.Rxd5 h6 32.Rd2 Qg6 33.Qb8+ Kh7 34.Re2 Qb1+ 35.Re1 Qd3+ 36.Kg1 Qf3
37.Qh2 Nf4 38.h5 Nh3+  0-1

[Event "Gibraltar Masters 2019"]
[Site "Caleta ENG"]
[Date "2019.01.25"]
[Round "4.119"]
[White "Lochte,S"]
[Black "Verneuil,P"]
[Result "0-1"]
[WhiteElo "1868"]
[BlackElo "2114"]

1.c4 Nf6 2.Nc3 e5 3.g3 c6 4.d4 exd4 5.Qxd4 Na6 6.Bg5 Be7 7.Bg2 O-O 8.Nf3 h6
9.Bxf6 Bxf6 10.Qd2 Qe7 11.Rc1 d6 12.O-O Bf5 13.Rfd1 Rad8 14.Nd4 Bg6 15.Nb3 Rfe8
16.e3 Bh5 17.Re1 Nc5 18.Nxc5 dxc5 19.Qc2 Bg6 20.Qb3 Rd2 21.e4 Bd4 22.Rf1 Qf6
23.Rc2 Rxc2 24.Qxc2 Qe5 25.Re1 f5 26.Re2 Bxc3 27.bxc3 fxe4 28.f3 Qe6 29.fxe4 Qxc4
30.Re1 Bf7 31.a3 Re5 32.Rd1 Bg6 33.Re1 b5  0-1

[Event "Gibraltar Masters 2019"]
[Site "Caleta ENG"]
[Date "2019.01.25"]
[Round "4.102"]
[White "Bellin,R"]
[Black "Avila Fraire,Ameyalli"]
[Result "1-0"]
[WhiteElo "2312"]
[BlackElo "1994"]

1.d4 Nf6 2.Nc3 d5 3.Bg5 h6 4.Bxf6 exf6 5.e3 c6 6.Bd3 Na6 7.a3 Nc7 8.Qf3 Bd6
9.Nge2 O-O 10.O-O-O b5 11.g4 Rb8 12.h4 Ne6 13.Rdg1 b4 14.axb4 Rxb4 15.g5 fxg5
16.hxg5 Nxg5 17.Qh5 Qe7 18.e4 f6 19.f4 Ne6 20.Qxh6 Qb7 21.e5 fxe5 22.Qh7+ Kf7
23.f5 e4 24.fxe6+ Kxe6 25.Rxg7 Be7 26.Rh6+ Bf6 27.Bxe4 Qa6 28.Qf5+ Kd6 29.Qe5+  1-0

[Event "Gibraltar Masters 2019"]
[Site "Caleta ENG"]
[Date "2019.01.25"]
[Round "4.103"]
[White "Cholleti,S"]
[Black "Aguilar,A"]
[Result "1/2-1/2"]
[WhiteElo "2122"]
[BlackElo "2307"]

1.Nf3 Nf6 2.c4 g6 3.Nc3 Bg7 4.e4 d6 5.d4 O-O 6.Be2 e5 7.O-O c6 8.Be3 exd4
9.Nxd4 Re8 10.Qc2 Qe7 11.Bf3 Nbd7 12.h3 a5 13.Rfe1 Nc5 14.b3 Be6 15.Rad1 Rad8
16.a3 Bc8 17.b4 axb4 18.axb4 Ne6 19.Nb3 h6 20.Qc1 Ng5 21.Bxg5 hxg5 22.Qxg5 Qe6
23.Na5 Nh7 24.Qc1 Qe5 25.Rd3 Bf6 26.Bg4 Bg5 27.Qd1 f5 28.Bf3 Bh6 29.Re2 f4
30.Bg4 Bxg4  1/2-1/2

[Event "Gibraltar Masters 2019"]
[Site "Caleta ENG"]
[Date "2019.01.25"]
[Round "4.104"]
[White "Michenka,J"]
[Black "Redondo Flores,D"]
[Result "1-0"]
[WhiteElo "2280"]
[BlackElo "1970"]

1.d4 d6 2.Nf3 g6 3.g3 f5 4.Bg2 Nf6 5.O-O Bg7 6.b3 O-O 7.Bb2 c6 8.c4 Na6 9.Nc3 Qc7
10.Rc1 Bd7 11.a3 Rad8 12.b4 Qb8 13.Qb3 Kh8 14.Rfd1 e5 15.dxe5 dxe5 16.c5 e4
17.Ng5 Be8 18.Rxd8 Qxd8 19.Ne6 Bf7 20.Nxd8 Bxb3 21.Nxb7 Nb8 22.Nb1 Kg8 23.Nd2 Ba4
24.Nc4 Rf7 25.Nbd6 Re7 26.e3 Nbd7 27.h3 Nd5 28.Bxg7 Kxg7 29.Bf1 Ne5 30.Nxe5 Rxe5
31.b5 Re7 32.Bc4 Re5 33.Nc8 Bxb5 34.Bxb5 cxb5 35.Nxa7 Nc7 36.Nc6 Rd5 37.Nd4 Kf6
38.Kf1 g5 39.c6 Ke7 40.Ke2 Kd6 41.f4 gxf4 42.gxf4 Rc5 43.Rd1 Nd5 44.Kf2 Rc4
45.Nxb5+ Kxc6 46.Nd4+ Kc5 47.Nxf5 Rc2+ 48.Kg3 Rc3 49.Re1 Rxa3 50.Kg4 Ra2
51.Ng3 Rg2 52.h4 Nf6+ 53.Kf5 Rxg3 54.Kxf6 Rg4 55.Ke5 Rxh4 56.Rc1+ Kb6 57.Kxe4 h5
58.Kf5 Rh2 59.e4 h4 60.e5 h3 61.Kg4 Rf2 62.Kg3  1-0

[Event "Gibraltar Masters 2019"]
[Site "Caleta ENG"]
[Date "2019.01.25"]
[Round "4.105"]
[White "Hamer,M"]
[Black "Giemsa,S"]
[Result "0-1"]
[WhiteElo "2046"]
[BlackElo "2275"]

1.Nf3 d5 2.d4 Nf6 3.c4 e6 4.Nc3 dxc4 5.e4 b5 6.e5 Nd5 7.Nxb5 Nb6 8.Nc3 Be7
9.Be2 Nc6 10.O-O O-O 11.Be3 Rb8 12.Qd2 Nb4 13.Rfd1 Bb7 14.Rac1 N4d5 15.Bg5 f6
16.exf6 Bxf6 17.Bxf6 Qxf6 18.Ne4 Qg6 19.Ng3 Nf4 20.Ne5 Qf6 21.Nh5 Nh3+ 22.Kh1 Qxf2
23.Bf3 Bxf3 24.Nxf3 Rxf3 25.gxf3 Qxf3+ 26.Qg2 Nf2+ 27.Kg1 Qxg2+ 28.Kxg2 Nxd1
29.Rxd1 Nd5 30.Rd2 g6 31.Ng3 Nf4+ 32.Kf3 Nd3 33.b3 cxb3  0-1

[Event "Gibraltar Masters 2019"]
[Site "Caleta ENG"]
[Date "2019.01.25"]
[Round "4.106"]
[White "Jaksland,T"]
[Black "Chen,Jonathan"]
[Result "1/2-1/2"]
[WhiteElo "2264"]
[BlackElo "1884"]

1.Nf3 Nf6 2.c4 e6 3.g3 d5 4.b3 Be7 5.Bg2 O-O 6.O-O c5 7.cxd5 Nxd5 8.d4 Nc6
9.Bb2 cxd4 10.Nxd4 Bd7 11.Na3 Nxd4 12.Qxd4 Bf6 13.Qd2 Bc6 14.Nc4 Bxb2 15.Qxb2 Rc8
16.Rfd1 Qf6 17.Qxf6 Nxf6 18.Nd6 Rc7 19.Rac1 Ne8 20.Nxb7 Bxb7 21.Rxc7 Bxg2
22.Rxa7 Bd5 23.f3 f5 24.b4 Rf7 25.Rxf7 Kxf7 26.a4 Ke7 27.Kf2 Nd6 28.Ke3 Kd7
29.Kd4 Kc6 30.Rc1+ Kb6 31.Rc5 Bb3 32.a5+ Kb7 33.b5 Bd5 34.b6 Ka6 35.Rxd5 exd5
36.Kxd5 Nb7 37.Kc6 Nxa5+ 38.Kc7 g5 39.e3 Kb5 40.Kd6 Kxb6 41.Ke5 g4 42.fxg4 fxg4
43.Kf4 Nc4 44.Kxg4 Nxe3+ 45.Kg5 Nf1 46.Kh6 Nxh2 47.Kxh7 Kc5 48.g4 Nxg4  1/2-1/2

[Event "Gibraltar Masters 2019"]
[Site "Caleta ENG"]
[Date "2019.01.25"]
[Round "4.107"]
[White "Hewson,Brian W R"]
[Black "Shvayger,Y"]
[Result "0-1"]
[WhiteElo "2006"]
[BlackElo "2387"]

1.d4 Nf6 2.c4 g6 3.Nf3 Bg7 4.g3 O-O 5.Bg2 d6 6.Nc3 Nbd7 7.O-O e5 8.e4 Re8
9.Re1 exd4 10.Nxd4 Nc5 11.Nb3 Nxb3 12.axb3 Bg4 13.f3 Be6 14.Be3 a5 15.Qd2 Nd7
16.f4 Nc5 17.Ra3 c6 18.Rd1 Bg4 19.Re1 Bxc3 20.Qxc3 Nxe4 21.Bxe4 Rxe4 22.Bd4 Rxe1+
23.Qxe1 c5 24.Bc3 b6 25.Qd2 Be6 26.Ra1 d5 27.f5 Bxf5 28.cxd5 Qd6 29.Re1 f6
30.Qe2 Qxd5 31.Bxf6 Rf8 32.Qe7 Qf7 33.Qxf7+ Kxf7 34.Bg5 Bh3 35.Re4 Kg7 36.Rf4 Re8
37.Kf2 Bf5 38.Rf3 h6 39.Bf4 Re7 40.Re3 Rd7 41.Kf3 g5 42.Be5+ Kg6 43.Bc3 Rf7
44.g4 Bc2+ 45.Kg3 Rb7 46.Re6+ Kh7 47.Bf6 Bxb3 48.Re7+ Rxe7 49.Bxe7 a4 50.h4 Kg6
51.hxg5 hxg5 52.Bd8 b5 53.Be7 c4 54.Bb4 Kf7 55.Bd2 Kf6 56.Kh3 Ke5 57.Bxg5 Kd4
58.Be7 Kd3 59.g5 Kc2 60.g6 Kxb2 61.Bh4 Bc2  0-1

[Event "Gibraltar Masters 2019"]
[Site "Caleta ENG"]
[Date "2019.01.25"]
[Round "4.108"]
[White "Stewart,Ashley"]
[Black "Heinemann,Josefine"]
[Result "1-0"]
[WhiteElo "2122"]
[BlackElo "2304"]

1.c4 g6 2.g3 c5 3.Bg2 Bg7 4.Nc3 Nc6 5.Nf3 d6 6.O-O e5 7.a3 Nge7 8.Ne1 Be6
9.Nd5 O-O 10.Nc2 a5 11.d3 Rb8 12.Bg5 f6 13.Bd2 b5 14.b4 bxc4 15.dxc4 axb4
16.axb4 cxb4 17.Ncxb4 Rc8 18.Ra6 Kh8 19.Nxc6 Nxc6 20.Qa4 Nb8 21.Ra7 Nd7 22.Ba5 Nc5
23.Qa3 Qe8 24.Re7 Qc6 25.Nb4 Qa4 26.Qxa4 Nxa4 27.Rxe6 Rxc4 28.Nd3 g5 29.Rc1 Rxc1+
30.Nxc1 Rc8 31.Nd3 f5 32.Bb7 Rb8 33.Bc6 Nc5 34.Rxd6 Nb3 35.Bc7 Rf8 36.Rd7 Nd4
37.Nxe5 Nxe2+ 38.Kf1 Nc3 39.f3 Rc8 40.Nf7+ Kg8 41.Nxg5  1-0

[Event "Gibraltar Masters 2019"]
[Site "Caleta ENG"]
[Date "2019.01.25"]
[Round "4.109"]
[White "Torres,Federico"]
[Black "Veltkamp,G"]
[Result "1-0"]
[WhiteElo "2196"]
[BlackElo "2117"]

1.e4 e5 2.Nf3 Nc6 3.d3 d5 4.Nbd2 Be6 5.c3 Qd7 6.Be2 f6 7.Qc2 Nge7 8.a3 d4
9.cxd4 exd4 10.b4 Ng6 11.Nb3 O-O-O 12.b5 Bxb3 13.Qxb3 Nce5 14.O-O Kb8 15.a4 h5
16.a5 Bc5 17.Ba3 Bxa3 18.Nxe5 fxe5 19.Rxa3 Nf4 20.Bf3 Rh6 21.Rfa1 a6 22.bxa6 Rxa6
23.Rb1 Qc8 24.Qb5 Re6 25.g3 Nh3+ 26.Kg2 Rf8 27.a6 Nf4+ 28.gxf4 Rg6+ 29.Kh1 Rb6
30.axb7 Qxb7 31.Rab3  1-0

[Event "Gibraltar Masters 2019"]
[Site "Caleta ENG"]
[Date "2019.01.25"]
[Round "4.110"]
[White "Priyanka,Nutakki"]
[Black "Cramling Bellon,Anna"]
[Result "1-0"]
[WhiteElo "2195"]
[BlackElo "2025"]

1.Nf3 c5 2.e3 Nc6 3.d4 d5 4.c4 cxd4 5.exd4 Nf6 6.Nc3 g6 7.cxd5 Nxd5 8.Qb3 Nxc3
9.Bc4 e6 10.bxc3 Bd7 11.Be2 Na5 12.Qb1 Qc7 13.O-O Bg7 14.Ba3 Rb8 15.Rc1 b5
16.Nd2 Nc4 17.Bxc4 bxc4 18.Qe4 Bf8 19.Bxf8 Kxf8 20.Rab1 Kg7 21.Rxb8 Rxb8
22.Nxc4 Bc6 23.Qe3 Bd5 24.Ne5 Bxa2 25.Ng4 Qd8 26.Qe5+ Kf8 27.Nf6 Rb7 28.Nxh7+ Kg8
29.Nf6+ Kf8 30.Ne4 Rb1 31.Rxb1 Bxb1 32.Nd2 Bc2 33.c4 Kg8 34.h3 Qb6 35.c5 Qa6
36.Qb8+ Kg7 37.Qb2 Ba4 38.Ne4 Qb5 39.Qa1 Kg8 40.Nc3  1-0

[Event "Gibraltar Masters 2019"]
[Site "Caleta ENG"]
[Date "2019.01.25"]
[Round "4.111"]
[White "Kozarcanin,S"]
[Black "Koehler,G2"]
[Result "0-1"]
[WhiteElo "2048"]
[BlackElo "2184"]

1.b3 Nf6 2.Bb2 g6 3.e4 d6 4.Qe2 Bg7 5.d4 O-O 6.Nf3 e5 7.dxe5 Ng4 8.Nbd2 Nc6
9.Nc4 Ngxe5 10.O-O-O Re8 11.Nfxe5 Nxe5 12.Ne3 a5 13.a4 Bd7 14.f4 Nc6 15.Bxg7 Kxg7
16.Nd5 Bf5 17.Qc4 Bxe4 18.Nc3 f5 19.Rg1 Nb4 20.Nxe4 Rxe4 21.Qc3+ Qf6 22.Qxc7+ Re7
23.Qc4 Na2+ 24.Kd2 d5 25.Qd3 Rc8 26.Re1 Rxe1 27.Kxe1 Nb4 28.Qd1 Nxc2+ 29.Kf2 Qb6+  0-1

[Event "Gibraltar Masters 2019"]
[Site "Caleta ENG"]
[Date "2019.01.25"]
[Round "4.112"]
[White "Dasaolu,R"]
[Black "Movileanu,Daniela"]
[Result "1/2-1/2"]
[WhiteElo "2038"]
[BlackElo "2174"]

1.e4 c5 2.Nf3 d6 3.Bb5+ Nd7 4.c3 Nf6 5.Qe2 a6 6.Ba4 g6 7.O-O Bg7 8.d4 b5
9.Bc2 e5 10.Rd1 Qc7 11.a4 Rb8 12.Na3 Qb6 13.h3 O-O 14.Be3 Qb7 15.axb5 axb5
16.d5 Rd8 17.b4 cxb4 18.cxb4 Nf8 19.Bd3 Bd7 20.Nd2 Nh5 21.Nb3 Nf4 22.Qd2 Nxd3
23.Qxd3 Rbc8 24.Na5 Qb8 25.Rac1 Qa8 26.Bb6 Bh6 27.Rc6 Bxc6 28.dxc6 Re8 29.Nxb5 Qa6
30.Bc7 Ne6 31.Bxd6 Rxc6 32.Nxc6 Qxc6 33.Bxe5 Ng5 34.Qd5 Qxd5 35.Rxd5 Nxe4
36.Nc7 Rb8 37.b5 Bf8 38.Kf1 f6 39.Bd4 Rb7 40.b6 Nd2+ 41.Ke2 Nc4 42.Rd8 Kf7
43.Nd5 f5 44.Rc8 Nd6 45.Rc7+ Ke8 46.Nf6+ Kd8 47.Nxh7 Be7 48.Rc2 Nb5 49.Be3 f4
50.Rd2+ Ke8 51.Bxf4 Rxb6 52.Kf3 Rc6 53.Ng5 Rc3+ 54.Ke2 Rc4 55.Be3 Ra4 56.Nf3 Nc3+
57.Kd3 Nd5 58.Rb2 Bf6 59.Rb7 Ra3+ 60.Ke4 Nc3+ 61.Kd3 Nd5+ 62.Kd2 Nxe3 63.fxe3 Ra2+
64.Kd3 Rxg2 65.Ke4 Rg3 66.Rh7 Be7 67.Ne5 Bd6 68.Ng4 Bc5 69.Kf4 Rg1 70.Ke5 Re1
71.e4 Ba3 72.Kd5 Rd1+ 73.Ke6 Rd6+ 74.Ke5 Rd1 75.Kf6 Rd6+ 76.Ke5 Rd1  1/2-1/2

[Event "Gibraltar Masters 2019"]
[Site "Caleta ENG"]
[Date "2019.01.25"]
[Round "4.113"]
[White "Giulian,P"]
[Black "Cano Sevilla,Ivan"]
[Result "1-0"]
[WhiteElo "2165"]
[BlackElo "1950"]

1.d4 Nf6 2.c4 c5 3.d5 b5 4.cxb5 a6 5.e3 g6 6.Nc3 Bg7 7.Nf3 O-O 8.a4 d6 9.e4 Ng4
10.Be2 Bd7 11.Nd2 f5 12.exf5 gxf5 13.Rb1 Bd4 14.O-O Qe8 15.h3 Ne5 16.Bh5 Ng6
17.Nf3 Bxc3 18.bxc3 axb5 19.axb5 Bxb5 20.Re1 Ba4 21.Qe2 Nf4 22.Bxf4 Qxh5
23.Qxe7 Bc2 24.Rb7 Qf7 25.Ng5  1-0

[Event "Gibraltar Masters 2019"]
[Site "Caleta ENG"]
[Date "2019.01.25"]
[Round "4.114"]
[White "Burke,M"]
[Black "Baert,A"]
[Result "1/2-1/2"]
[WhiteElo "1994"]
[BlackElo "2147"]

1.f4 d5 2.Nf3 c5 3.g3 Nc6 4.Bg2 e6 5.O-O Bd6 6.d3 Nge7 7.Nc3 a6 8.e4 O-O
9.Qe2 b5 10.Nh4 b4 11.Nd1 Nd4 12.Qf2 a5 13.Ne3 Bb7 14.f5 exf5 15.Nexf5 Nexf5
16.Nxf5 dxe4 17.Nxd6 Qxd6 18.dxe4 Rae8 19.c3 Ne6 20.Be3 bxc3 21.bxc3 Qe5
22.Rfe1 Rd8 23.Rab1 Ba8 24.Qc2 Rb8 25.c4 Rb4 26.a3 Nd4 27.Qc1 Rxb1 28.Qxb1 Rb8
29.Qd1 h6 30.Bf4 Qe8 31.Bxb8 Qxb8 32.Qb1  1/2-1/2

[Event "Gibraltar Masters 2019"]
[Site "Caleta ENG"]
[Date "2019.01.25"]
[Round "4.115"]
[White "Spence,D"]
[Black "Giulian,R"]
[Result "1/2-1/2"]
[WhiteElo "2143"]
[BlackElo "1908"]

1.e4 e6 2.d4 d5 3.Nc3 dxe4 4.Nxe4 Nd7 5.Nf3 Ngf6 6.Nxf6+ Nxf6 7.Bg5 h6 8.Bxf6 gxf6
9.Bc4 Bd6 10.Qe2 Qe7 11.O-O-O Bd7 12.Rhe1 O-O-O 13.Nh4 Rde8 14.g3 f5 15.Qd2 Qf6
16.f4 Bc6 17.Kb1 b6 18.d5 Bb7 19.Re2 Bc5 20.dxe6 Rd8 21.Qe1 Rxd1+ 22.Qxd1 Rd8
23.Qc1 Qd4 24.Bb3 fxe6 25.Bxe6+ Kb8 26.Nxf5 Qf6 27.Nh4 Ba6 28.c4 Qd4 29.a3 b5
30.Nf5 Qd3+ 31.Qc2 bxc4 32.Re5 Qf1+ 33.Ka2 Rd1 34.Qxd1 Qxd1 35.Rxc5 Qb3+
36.Ka1 Qd1+  1/2-1/2

[Event "Gibraltar Masters 2019"]
[Site "Caleta ENG"]
[Date "2019.01.25"]
[Round "4.116"]
[White "Vilarnovo Caamano,J"]
[Black "Pinho,P"]
[Result "0-1"]
[WhiteElo "1945"]
[BlackElo "2205"]

1.e4 c5 2.Nf3 e6 3.g3 Nc6 4.Bg2 Nf6 5.Nc3 Be7 6.O-O O-O 7.d4 cxd4 8.Nxd4 Qc7
9.Bf4 Ne5 10.Bxe5 Qxe5 11.f4 Qc7 12.e5 Ne8 13.Qd3 d6 14.Rae1 Bd7 15.Kh1 Rd8
16.Qf3 dxe5 17.fxe5 Qb6 18.Re4 Bc5 19.Nce2 f5 20.exf6 Nxf6 21.Rh4 Qxb2 22.Qxb7 Qxb7
23.Bxb7 g5 24.Nb3 gxh4 25.Nxc5 Bb5 26.Nxe6 Bxe2  0-1

[Event "Gibraltar Masters 2019"]
[Site "Caleta ENG"]
[Date "2019.01.25"]
[Round "4.2"]
[White "Papp,Ga"]
[Black "Jumabayev,R"]
[Result "1/2-1/2"]
[WhiteElo "2603"]
[BlackElo "2604"]

1.e4 e5 2.Nf3 Nc6 3.d4 exd4 4.Nxd4 Nf6 5.Nc3 Bb4 6.Nxc6 bxc6 7.Bd3 d5 8.exd5 cxd5
9.O-O O-O 10.Bg5 c6 11.Qf3 h6 12.Bxf6 Qxf6 13.Qxf6 gxf6 14.Ne2 Rb8 15.Rab1 Rb6
16.Ng3 Bd6 17.f4 Rd8 18.Nh5 Kf8 19.h3 c5 20.b3 Bc7 21.c4 dxc4 22.Bxc4 Rd4
23.Rbd1 Bf5 24.Ng3 Bc2 25.Rc1 Bh7 26.Ne2 Rd2 27.Nc3 Bf5 28.Nd5 Be4 29.Rf2 Rxf2
30.Kxf2 Bxd5 31.Bxd5 Rb4 32.Ke2 Bd6 33.g3 Rd4 34.Bc4 Bc7 35.Bd3 Bb6 36.Rc4 Rxc4
37.Bxc4 Ba5 38.Kf3 Be1 39.g4 Bb4 40.Ke4 a5 41.Kd5 Ke7 42.f5 Ba3 43.Kc6 Bb4
44.Kb5 Kf8 45.Ka4 Bd2 46.Kb5 Bb4 47.Ka4 Bd2 48.a3 Bc1 49.Kxa5 Bxa3 50.Kb5  1/2-1/2

[Event "Gibraltar Masters 2019"]
[Site "Caleta ENG"]
[Date "2019.01.25"]
[Round "4.121"]
[White "Suez Panama,G"]
[Black "Gravett,A"]
[Result "1/2-1/2"]
[WhiteElo "2078"]
[BlackElo "1840"]

1.d4 Nf6 2.Nf3 c5 3.d5 d6 4.Nc3 g6 5.e4 Bg7 6.Be2 O-O 7.O-O Bd7 8.Re1 Na6
9.h3 Nc7 10.a4 b6 11.Bf4 a6 12.Qd2 b5 13.Bf1 Rb8 14.Bh6 bxa4 15.Bxg7 Kxg7
16.e5 dxe5 17.Nxe5 Rxb2 18.Nxd7 Qxd7 19.Nxa4 Rbb8 20.c4 Qd6 21.Qe3 e6 22.Qxc5 Qxc5
23.Nxc5 exd5 24.cxd5 Ncxd5 25.Rxa6 Rbc8 26.Nb7 Rb8 27.Nd6 Ra8 28.Rea1 Rxa6
29.Rxa6 Nc7 30.Ra7 Nfd5 31.Bc4 Kf6 32.f4 Ke6 33.Nb7 Kf6 34.Nd6 Ke6 35.Nb7 Kf6
36.g3 Ne3 37.Bb3 Nf5 38.Nc5 Rc8 39.Nd7+ Kg7 40.g4 Nd4 41.Bc4 Nce6 42.Bxe6 Nxe6
43.Ne5 Rc7 44.Rxc7  1/2-1/2

[Event "Gibraltar Masters 2019"]
[Site "Caleta ENG"]
[Date "2019.01.25"]
[Round "4.122"]
[White "Hng,Mei-En Emmanuelle"]
[Black "Wilson,Matthew R"]
[Result "1-0"]
[WhiteElo "2071"]
[BlackElo "1822"]

1.e4 c5 2.d4 cxd4 3.c3 dxc3 4.Nxc3 Nc6 5.Bc4 d6 6.Nf3 a6 7.O-O Nf6 8.Bf4 Bg4
9.h3 Bxf3 10.Qxf3 e6 11.Rfd1 Qb8 12.Rac1 Be7 13.Bb3 Ne5 14.Qe2 O-O 15.Be3 Rc8
16.f4 Ned7 17.f5 e5 18.g4 h6 19.h4 Nh7 20.g5 hxg5 21.Qh5 Rf8 22.hxg5 Qd8
23.g6 Ndf6 24.gxf7+ Kh8 25.Qg6 Qd7 26.Kg2 Qc6 27.Rh1 a5 28.Rxh7+  1-0

[Event "Gibraltar Masters 2019"]
[Site "Caleta ENG"]
[Date "2019.01.25"]
[Round "4.123"]
[White "Christophe Hayot,R"]
[Black "Munoz,Ra"]
[Result "0-1"]
[WhiteElo "1729"]
[BlackElo "2040"]

1.d4 d5 2.Nc3 Nf6 3.Bf4 e6 4.Nb5 Na6 5.a3 c5 6.e3 cxd4 7.exd4 Be7 8.Bd3 O-O
9.Nf3 Bd7 10.Nc3 Qb6 11.Qc1 Rac8 12.O-O Nb8 13.Rd1 Nc6 14.h3 Rfd8 15.g4 Na5
16.Ne5 Be8 17.Be3 Nc4 18.Rb1 Qa5 19.Ne2 Nxe5 20.dxe5 Nd7 21.b4 Qc7 22.f4 Nb6
23.Bd4 Nc4 24.Rb3 Ba4 25.Rc3 a5 26.bxa5 Qxa5 27.f5 Bc5 28.Bxc4 Bxd4+ 29.Rxd4 dxc4
30.Qe3 Bc6 31.f6 Rxd4 32.Qg5 Rd1+ 33.Kf2 Qc5+ 34.Re3 Qf8 35.Nf4 Rcd8 36.fxg7 Qxg7
37.Qe7 R1d7 38.Qc5 Qg5 39.Kg3 Rd4 40.Nh5 Qxe3+ 41.Kh4 Rxg4+ 42.hxg4 Qxc5  0-1

[Event "Gibraltar Masters 2019"]
[Site "Caleta ENG"]
[Date "2019.01.25"]
[Round "4.124"]
[White "Herzwurm,R"]
[Black "Teh,Wee Zhun"]
[Result "1/2-1/2"]
[WhiteElo "2021"]
[BlackElo "1818"]

1.e4 d5 2.exd5 Qxd5 3.Nc3 Qd6 4.d4 Nf6 5.Bd3 a6 6.Nge2 Nc6 7.Bf4 Qd8 8.Qd2 g6
9.O-O-O Bg7 10.Bh6 Bxh6 11.Qxh6 Nb4 12.Ng3 Nxd3+ 13.Rxd3 Bf5 14.Nxf5 gxf5
15.Re1 Qd6 16.Qg5 O-O-O 17.Qxf5+ Kb8 18.h3 Rhg8 19.g3 Rg6 20.Qe5 Qb6 21.g4 e6
22.f4 h6 23.d5 Rd6 24.f5 exf5 25.Qxf5 Qb4 26.a3 Qc4 27.Ne4 Rxd5 28.Rxd5 Qxd5
29.Qxd5 Nxd5 30.Ng3 Nf4  1/2-1/2

[Event "Gibraltar Masters 2019"]
[Site "Caleta ENG"]
[Date "2019.01.25"]
[Round "4.22"]
[White "Bilguun,Sumiya"]
[Black "Iturrizaga,E"]
[Result "1/2-1/2"]
[WhiteElo "2471"]
[BlackElo "2637"]

1.e4 c5 2.Nf3 e6 3.d4 cxd4 4.Nxd4 a6 5.Nc3 b5 6.Bd3 Bb7 7.a3 Bc5 8.Nb3 Be7
9.O-O d6 10.Qg4 g6 11.Qh3 h5 12.a4 b4 13.Na2 Nf6 14.Nxb4 Nxe4 15.Qe3 Nf6
16.a5 Nbd7 17.Qe2 Nc5 18.Bc4 d5 19.Nxc5 Bxc5 20.Bxa6 Bxa6 21.Nxa6 Bd6 22.b4 Ne4
23.b5 O-O 24.Ba3 Nc3 25.Qd3 Nxb5 26.Qxb5 Bxa3 27.c4 Be7 28.Nc5 Bxc5 29.Qxc5 Rc8
30.Qa3 dxc4 31.a6 c3 32.a7 c2 33.h3 Qd5 34.Rfc1 Rfd8 35.Qa4 Qd2 36.Qe4 Qxc1+
37.Rxc1 Rd1+ 38.Kh2 Rxc1 39.a8=Q Rh1+ 40.Kxh1 c1=Q+ 41.Kh2 Rxa8 42.Qxa8+ Kg7
43.Qe4 Qc5 44.Qe2 Qd6+ 45.Kg1 Qd4 46.Qc2 h4 47.Qc1 e5 48.Qb1 e4 49.Qc1 Qe5
50.Qe3 f5 51.Qa7+ Kh6 52.Qa8 Qd6 53.Qe8 Kg7 54.Kh1 g5 55.Qh5 Qe7 56.Kg1 f4
57.Qd1 Qe6 58.Qd4+ Kg6 59.Kf1 f3 60.Qd8 Qa6+ 61.Kg1 Qa1+ 62.Kh2 Qe5+ 63.Kg1 Qa1+
64.Kh2 Qe5+ 65.Kg1 Qe6 66.Kf1 Qf7 67.Kg1 fxg2 68.Kxg2 Qe6 69.Kg1 Qf6 70.Qd7 Qe5
71.Qd8 Qe6 72.Kg2 Qf6 73.Qd7 Kh6 74.Qe8 Qf3+ 75.Kg1 Qd1+ 76.Kh2 Qd6+ 77.Kg1 Qd5
78.Qh8+ Kg6 79.Qe8+ Kf6 80.Qf8+ Ke5 81.Qg7+ Kd6 82.Qf6+ Kd7 83.Qg7+ Kc6 84.Qf6+ Kd7  1/2-1/2

[Event "Gibraltar Masters 2019"]
[Site "Caleta ENG"]
[Date "2019.01.25"]
[Round "4.20"]
[White "Short,N"]
[Black "Koneru,H"]
[Result "1/2-1/2"]
[WhiteElo "2648"]
[BlackElo "2541"]

1.Nf3 Nf6 2.c4 e6 3.g3 d5 4.Bg2 Be7 5.d4 O-O 6.O-O c6 7.Bf4 b6 8.Nc3 Bb7
9.Rc1 Nh5 10.Be5 Nd7 11.cxd5 exd5 12.e4 Nhf6 13.exd5 Nxe5 14.Nxe5 cxd5 15.Qb3 Ne4
16.Rfe1 Nxc3 17.Rxc3 Bf6 18.f4 Re8 19.Rec1 Re7 20.h4 g6 21.a3 Bg7 22.Kh2 Bf8
23.Bf3 Qd6 24.Rc6 Bxc6 25.Rxc6 Qd8 26.Bxd5 Kg7 27.Nxf7 Qe8 28.Ne5 Rc8 29.Qc3 Rxc6
30.Bxc6 Qd8 31.Bf3 Rc7 32.Nc6 Qf6 33.b4 b5 34.Kg2 h6 35.Be4 g5 36.hxg5 hxg5
37.Qf3 gxf4 38.gxf4 Bd6 39.Ne5 Qh4 40.Ng6 Qe1 41.Ne5 Qh4 42.Bc6 Bxe5 43.dxe5 Kf8
44.Bxb5 Rf7 45.Bc4 Rxf4 46.Qa8+ Kg7 47.Qxa7+ Kh6 48.Qb6+ Kg7 49.Qc7+ Kh6
50.Qd6+ Kg7 51.Qd7+ Kh6 52.Qe6+ Kg7 53.Qg8+ Kh6 54.Qh8+ Kg6 55.Qg8+ Kh6 56.Qh8+ Kg6
57.Bd3+ Kf7 58.Qxh4 Rxh4 59.Kf3 Ke6 60.Ke3 Kxe5 61.Be2 Kd5 62.Kd2 Rh3 63.a4 Rb3
64.a5  1/2-1/2